Manažerská etika.
Mnohé manažérsko-podnikateľské školy zavádzajú zvláštne kurzy etiky. Otázka, či je možné v boji o zisky pripúšťať nemorálne postupy, lebo často ten, ktorý sa správa morálne, je na tom horšie ako ten, kto neberie ohľady. Etika podnikania je žiaduca, ale nedá sa vymáhať. Podniky sa snažia zaviesť etik...
Gespeichert in:
| 1. Verfasser: | |
|---|---|
| Format: | Buchkapitel |
| Sprache: | Tschechisch |
| Schlagworte: | |
| Tags: |
Keine Tags, Fügen Sie das erste Tag hinzu!
|
MARC
| LEADER | 00000naa a2200000 4500 | ||
|---|---|---|---|
| 001 | r008716 | ||
| 005 | 20220831090446.8 | ||
| 041 | 0 | |a cze | |
| 044 | |a [CS] | ||
| 245 | 1 | 0 | |a Manažerská etika. |c J. Jirásek |
| 520 | |a Mnohé manažérsko-podnikateľské školy zavádzajú zvláštne kurzy etiky. Otázka, či je možné v boji o zisky pripúšťať nemorálne postupy, lebo často ten, ktorý sa správa morálne, je na tom horšie ako ten, kto neberie ohľady. Etika podnikania je žiaduca, ale nedá sa vymáhať. Podniky sa snažia zaviesť etiku dovnútra, čo uľahčuje riadenie a výkonnú prácu. Vyhlasuje sa tiež boj za etiku voči spotrebiteľovi a verejnosti. | ||
| 610 | 2 | 0 | |a etika manažérska |
| 610 | 2 | 0 | |a riadenie podnikové |
| 610 | 2 | 0 | |a pracovníci riadiaci |
| 610 | 2 | 0 | |a spotrebitelia |
| 610 | 2 | 0 | |a podnikanie |
| 610 | 2 | 0 | |a podnikatelia |
| 610 | 2 | 0 | |a etika manažérska |
| 100 | 1 | |a Jirásek, J. | |